Central Library || Chittagong University

Mahatma : (Record no. 111605)

MARC details
000 -LEADER
fixed length control field 00483nam a22001697a 4500
003 - CONTROL NUMBER IDENTIFIER
control field BD-ChCU
005 - DATE AND TIME OF LATEST TRANSACTION
control field 20260216093519.0
008 - FIXED-LENGTH DATA ELEMENTS--GENERAL INFORMATION
fixed length control field 260216b bg ||||| |||| 00| 0 ben d
040 ## - CATALOGING SOURCE
Transcribing agency BD-ChCU
082 ## - DEWEY DECIMAL CLASSIFICATION NUMBER
Classification number 320.92 MAT
100 ## - MAIN ENTRY--PERSONAL NAME
Personal name Tendulkar , D.G.
9 (RLIN) 20319
245 ## - TITLE STATEMENT
Title Mahatma :
Remainder of title Life of Mohandas Karamchand Gandhi ./
Statement of responsibility, etc. D.G.Tendulkar,
260 ## - PUBLICATION, DISTRIBUTION, ETC.
Place of publication, distribution, etc. Delhi :
Name of publisher, distributor, etc. Publication Division ,
Date of publication, distribution, etc. C 1969
300 ## - PHYSICAL DESCRIPTION
Extent vol . 1- 8 .
650 #0 - SUBJECT ADDED ENTRY--TOPICAL TERM
Topical term or geographic name entry element Mahatma Gandhi .
9 (RLIN) 20322
942 ## - ADDED ENTRY ELEMENTS (KOHA)
Source of classification or shelving scheme Dewey Decimal Classification
Koha item type Books
Suppress in OPAC No
Holdings
Withdrawn status Lost status Source of classification or shelving scheme Damaged status Not for loan Home library Current library Shelving location Date acquired Source of acquisition Total Checkouts Full call number Barcode Date last seen Copy number Price effective from Koha item type Public note
    Dewey Decimal Classification     Chittagong University Library Chittagong University Library Business and Social Science Reading Room 02/16/2026 Purchase   320.92 MAT 84634 02/16/2026 C-1 02/16/2026 Books V.1
    Dewey Decimal Classification     Chittagong University Library Chittagong University Library Business and Social Science Reading Room 02/16/2026 Purchase   320.92 MAT 84635 02/16/2026 C-2 02/16/2026 Books V.2 :
    Dewey Decimal Classification     Chittagong University Library Chittagong University Library Business and Social Science Reading Room 02/16/2026 Purchase   320.92 MAT 84636 02/16/2026 C-3 02/16/2026 Books V.3 :
    Dewey Decimal Classification     Chittagong University Library Chittagong University Library Business and Social Science Reading Room 02/16/2026 Purchase   320.92 MAT 84637 02/16/2026 C-4 02/16/2026 Books V.4 :
    Dewey Decimal Classification     Chittagong University Library Chittagong University Library Business and Social Science Reading Room 02/16/2026 Purchase   320.92 MAT 84638 02/16/2026 C-5 02/16/2026 Books V.5 :
    Dewey Decimal Classification     Chittagong University Library Chittagong University Library Business and Social Science Reading Room 02/16/2026 Purchase   320.92 MAT 84639 02/16/2026 C-6 02/16/2026 Books V.6 :
    Dewey Decimal Classification     Chittagong University Library Chittagong University Library Business and Social Science Reading Room 02/16/2026 Purchase   320.92 MAT 84640 02/16/2026 C-7 02/16/2026 Books V.7 :
    Dewey Decimal Classification     Chittagong University Library Chittagong University Library Business and Social Science Reading Room 02/16/2026 Purchase   320.92 MAT 84641 02/16/2026 C-8 02/16/2026 Books V.8 :
© Copyright 2026. Chittagong University Library, Installation and Maintenance by Prof. Dr. Md. Alamgir, 01711306253